Lý thuyết văn học hậu hiện đại
Gồm 10 chương, trình bày về các vấn đề: Nhìn lại lí luận văn học hiện đại; Tổng quan về chủ nghĩa hậu hiện đại; Khái quát và tranh luận trực tiếp về văn hóa hậu hiện đại; Những bậc tiên phong của tư duy lí thuyết hậu hiện đại; Chủ n...
Gespeichert in:
| 1. Verfasser: | |
|---|---|
| Format: | Buch |
| Sprache: | Undetermined |
| Veröffentlicht: |
H.
Đại học Sư phạm
2012
|
| Schlagworte: | |
| Online Zugang: | http://lrc.tdmu.edu.vn/opac/search/detail.asp?aID=2&ID=19040 |
| Tags: |
Tag hinzufügen
Keine Tags, Fügen Sie den ersten Tag hinzu!
|
| Thư viện lưu trữ: | Trung tâm Học liệu Trường Đại học Thủ Dầu Một |
|---|
| LEADER | 01462nam a2200193Ia 4500 | ||
|---|---|---|---|
| 001 | TDMU_19040 | ||
| 008 | 210410s9999 xx 000 0 und d | ||
| 082 | |a 801 | ||
| 090 | |b PH561 | ||
| 100 | |a Phương Lựu | ||
| 245 | 0 | |a Lý thuyết văn học hậu hiện đại | |
| 260 | |a H. | ||
| 260 | |b Đại học Sư phạm | ||
| 260 | |c 2012 | ||
| 300 | |a 279 tr. | ||
| 520 | |a Gồm 10 chương, trình bày về các vấn đề: Nhìn lại lí luận văn học hiện đại; Tổng quan về chủ nghĩa hậu hiện đại; Khái quát và tranh luận trực tiếp về văn hóa hậu hiện đại; Những bậc tiên phong của tư duy lí thuyết hậu hiện đại; Chủ nghĩa giải cấu trúc, mũi nhọn lí thuyết của chủ nghĩa hậu hiện đại; Trường phái giải cấu trúc Hoa Kì; Chủ nghĩa tân lịch sử, bước đột chuyển của chủ nghĩa hậu hiện đại; Phê bình nữ quyền; Phê bình hậu thực dân; Chuyển tiếp sang nghiên cứu văn hóa.; NV Văn học phương Tây; NV Phê bình văn học thế kỷ XX | ||
| 650 | |a Lí luận văn học; Văn học Việt Nam |x Lí thuyết | ||
| 856 | |u http://lrc.tdmu.edu.vn/opac/search/detail.asp?aID=2&ID=19040 | ||
| 980 | |a Trung tâm Học liệu Trường Đại học Thủ Dầu Một | ||